|
|
|
|
| LEADER |
00781nam a2200205 i 4500 |
| 001 |
publ26749 |
| 005 |
20230314080948.0 |
| 008 |
230314s2011 hu o 0|| Angol d |
| 020 |
|
|
|a 9783110228137, 9783110228144
|
| 024 |
7 |
|
|a 1866759
|2 mtmt
|
| 040 |
|
|
|a SZTE Publicatio Repozitórium
|b hun
|
| 041 |
|
|
|a Angol
|
| 100 |
2 |
|
|a Máté-Tóth András
|
| 245 |
1 |
0 |
|a Spaces and Borders
|h [elektronikus dokumentum] :
|b Current Research on Religion in Central and Eastern Europe /
|c Máté-Tóth András
|
| 260 |
|
|
|a De Gruyter Verlag
|b New York, Berlin
|c 2011
|
| 300 |
|
|
|a 278
|
| 490 |
0 |
|
|a Religion and Society
|
| 650 |
|
4 |
|a Filozófia, etika és vallástudományok
|
| 700 |
0 |
1 |
|a Rughinis Cosima
|e aut
|
| 856 |
4 |
0 |
|u http://publicatio.bibl.u-szeged.hu/26749/1/SpacesandBorders2011.pdf
|z Dokumentum-elérés
|